000 00437nam a2200205Ia 4500
001 11777
003 GE_BSU
008 181216s||||||||xx |||||||||||||| ||und||
020 _a9780330244046
040 _cGE_BSU
080 _a821.111-32
100 _aSmith, Wilbur
245 _aEagle in the Sky
260 _aLondon
260 _bPan Books
260 _c1974
300 _a373p.18cm.
653 _aEagle in the Sky
942 _cBK
999 _c44956
_d44956